Central Library OPAC University of Rajshahi

Understanding industrial relations in modern Japan / (Record no. 58758)

MARC details
000 -LEADER
fixed length control field 00808nam a2200253 a 4500
001 - CONTROL NUMBER
control field 58758
003 - CONTROL NUMBER IDENTIFIER
rucl marc code BD-RjUL
005 - DATE AND TIME OF LATEST TRANSACTION
control field 20211209080644.0
008 - FIXED-LENGTH DATA ELEMENTS--GENERAL INFORMATION
fixed length control field 161219s1988 enka b 00110 eng d
020 ## - INTERNATIONAL STANDARD BOOK NUMBER
International Standard Book Number 033342686X
International Standard Book Number 0333426878
035 ## - SYSTEM CONTROL NUMBER
System control number (BD-RjUL) 58882
040 ## - CATALOGING SOURCE
Original cataloging agency ANL
Language of cataloging eng
Modifying agency ANL
-- BD-RjUL
Transcribing agency BD-RjUL
041 1# - LANGUAGE CODE
Language code of text/sound track or separate title engjpn
082 0# - DEWEY DECIMAL CLASSIFICATION NUMBER
Classification number 330.952
Edition number 23
Author mark and year KOU 1988
100 1# - MAIN ENTRY--PERSONAL NAME
Personal name Koike, Kazuo,
Dates associated with a name 1932-
9 (RLIN) 174657
245 10 - TITLE STATEMENT
Title Understanding industrial relations in modern Japan /
Statement of responsibility, etc. Kazuo Koike ; translated by Mary Saso.
260 ## - PUBLICATION, DISTRIBUTION, ETC. (IMPRINT)
Place of publication, distribution, etc. Basingstoke, Hampshire :
Name of publisher, distributor, etc. Macmillan,
Date of publication, distribution, etc. c1988.
300 ## - PHYSICAL DESCRIPTION
Pagination xvii, 306 p. :
Illustrations ill. ;
Size 23 cm.
504 ## - BIBLIOGRAPHY, ETC. NOTE
Bibliography, etc Includes bibliographical references and index.
650 #0 - SUBJECT ADDED ENTRY--TOPICAL TERM
Topical term or geographic name as entry element Industrial relations
Geographic subdivision Japan.
9 (RLIN) 173157
700 ## - ADDED ENTRY--PERSONAL NAME
Personal name Saso, Mary
942 ## - ADDED ENTRY ELEMENTS (KOHA)
Source of classification or shelving scheme Dewey Decimal Classification
Koha item type Books
Holdings
Lost status Source of classification or shelving scheme Damaged status Not for loan Collection code Permanent Location Current Location Shelving location Date acquired Total Checkouts Full call number Date last seen Copy number Koha item type
  Dewey Decimal Classification   Not For Loan Non-fiction Central Library, University of Rajshahi Central Library, University of Rajshahi Reading Room 02/06/1996   330.952 KOU 1988 19/12/2016 C-1 Books